Unsicherste Länder laut dem Gay Travel Index - Statistiken

Allgemein
  • Dieses Quiz wurde 293 mal gespielt
    42 seit der letzten Aktualisierung
  • Das Durchschnittsergebnis liegt bei 14 aus 25
Antwortstatistiken
Punkte Land % Korrekt
-23 Iran
90%
-18 Irak
88%
-17 Russland
85%
-22 Afghanistan
80%
-22 Saudi-Arabien
80%
-15 Syrien
75%
-24 Jemen
70%
-17 Katar
70%
-15 Oman
68%
-16 Ägypten
65%
-16 Sudan
65%
-18 Vereinigte Arabische Emirate
65%
-17 Südsudan
63%
-16 Kuwait
58%
-21 Somalia
55%
-16 Libyen
53%
-17 Nigeria
53%
-15 Jordanien
48%
-19 Uganda
48%
-17 Turkmenistan
40%
-16 Senegal
33%
-17 Tansania
30%
-16 Malaysia
23%
-16 Simbabwe
23%
-15 Brunei
20%
Keine übereinstimmenden Quizze gefunden
Verteilung der Resultate
Anzahl Personen mit jedem Resultat
Perzentil nach korrekt beantworteten Fragen
Ihre Resultats-Entwicklung
Sie haben dieses Quiz seit der letzten Aktualisierung nicht gespielt